Principles of microeconomics (Record no. 11970)

MARC details
000 -LEADER
fixed length control field 00568nam a22002177a 4500
003 - CONTROL NUMBER IDENTIFIER
control field mut
005 - DATE AND TIME OF LATEST TRANSACTION
control field 20240606081212.0
008 - FIXED-LENGTH DATA ELEMENTS--GENERAL INFORMATION
fixed length control field 170920b xxu||||| |||| 00| 0 eng d
020 ## - INTERNATIONAL STANDARD BOOK NUMBER
International Standard Book Number 9780176416034
040 ## - CATALOGING SOURCE
Transcribing agency mut
050 ## - LIBRARY OF CONGRESS CALL NUMBER
Classification number HB172
Item number .P744 2006
100 ## - MAIN ENTRY--PERSONAL NAME
Personal name Mankiw, N. Gregory
245 ## - TITLE STATEMENT
Title Principles of microeconomics
250 ## - EDITION STATEMENT
Edition statement 3rd Canadian ed.
260 ## - PUBLICATION, DISTRIBUTION, ETC.
Place of publication, distribution, etc. Australia
Name of publisher, distributor, etc. Thomson/Nelson
Date of publication, distribution, etc. 2006
650 ## - SUBJECT ADDED ENTRY--TOPICAL TERM
Topical term or geographic name entry element Microeconomics
Form subdivision Textbooks
700 ## - ADDED ENTRY--PERSONAL NAME
Personal name Kneebone, Ronald D.
700 ## - ADDED ENTRY--PERSONAL NAME
Personal name Mckenzie, Kenneth J.
700 ## - ADDED ENTRY--PERSONAL NAME
Personal name Rowe, Nicholas
942 ## - ADDED ENTRY ELEMENTS (KOHA)
Source of classification or shelving scheme Library of Congress Classification
Koha item type Books
Holdings
Withdrawn status Lost status Source of classification or shelving scheme Damaged status Not for loan Home library Current library Shelving location Date acquired Source of acquisition Total checkouts Full call number Barcode Date last seen Date last checked out Price effective from Koha item type
    Library of Congress Classification     MUT Mariira Campus Library MUT Mariira Campus Library General stacks 16/02/2018 Donation-TFC 2 HB172 .P744 2006 018943 01/11/2019 24/10/2019 16/02/2018 Books
    Library of Congress Classification     Murang'a University of Technology Library Murang'a University of Technology Library General stacks 20/09/2017 Donation-TFC 1 HB172 .P744 2006 014608 30/08/2024 20/02/2019 20/09/2017 Books
    Library of Congress Classification     Murang'a University of Technology Library Murang'a University of Technology Library General stacks 21/09/2017 Donation-TFC 2 HB172 .P744 2006 014798 30/08/2024 19/11/2018 21/09/2017 Books
    Library of Congress Classification     Murang'a University of Technology Library Murang'a University of Technology Library General stacks 03/10/2017 Donation-TFC 1 HB172 .P744 2006 015183 26/03/2019 11/03/2019 03/10/2017 Books
    Library of Congress Classification     Murang'a University of Technology Library Murang'a University of Technology Library General stacks 28/02/2018 Donation-TFC   HB172 .P744 2006 019587 28/02/2018   28/02/2018 Books
    Library of Congress Classification     Murang'a University of Technology Library Murang'a University of Technology Library General stacks 10/07/2018 Donation from-TFC   HB 172 .P744 2006 022700 10/07/2018   10/07/2018 Books
    Library of Congress Classification     Murang'a University of Technology Library Murang'a University of Technology Library General stacks 16/01/2019 Donation -TFC   HB 172 .P744 2006 024210 30/08/2024   16/01/2019 Books